Normale Ansicht MARC-Ansicht ISBD

Bäckerei Baumgärtel wehrt sich gegen Kostenexplosion (Titelsatznr. 371912)

[ MARC ]
MARC-Details
000 -Satzkennung
Kontrollfeld mit fester Länge 00801nam a22001937a 4500
008 - Feld mit fester Länge zur physischen Beschreibung - Allgemeine Angaben
Kontrollfeld mit fester Länge 201127b ||||| |||| 00| 0 eng d
040 ## - Katalogisierungsquelle
Original-Katalogisierungsstelle DE-2950
Katalogisierungssprache ger
Übertragungsstelle DE-2950
Beschreibungsfestlegungen rda
041 ## - Sprachcode
Sprachcode des Textes/der Tonspur oder des separaten Titels ger
245 ## - Titel
Haupttitel Bäckerei Baumgärtel wehrt sich gegen Kostenexplosion
Titelzusatz Finanzen. Der Verbrauch in Bäckereien ist hoch. Die Energie- und Rohstoffpreise steigen unaufhaltsam. Diana und Class Baumgärtel kämpfen ums Überleben/
Verantwortlichkeitsangabe Ines Weber-Rath
264 ## - Veröffentlichungsangabe, Vertriebsangabe, Herstellungsangabe
Erscheinungs-, Vertriebs-, Herstellungsdatum 2022
653 ## - Lokales Schlagwort
Nicht-normierter Term Frankfurt (Oder)
653 ## - Lokales Schlagwort
Nicht-normierter Term Bäckerei Baumgärtel
653 ## - Lokales Schlagwort
Nicht-normierter Term Energiekrise
773 ## - Übergeordnete Einheit
Ort, Verlag und Erscheinungsjahr Frankfurt (Oder) Märkisches Verlags- und Druckhaus GmbH & Co KG
Titel Märkische Oderzeitung
Verknüpfungsangaben 33. Jahrgang (2022) Nr. 243 vom 18.10.2022, S. 16; Foto
942 ## - Zusätzliche Felder (Koha)
Koha-Medientyp Aufsätze

Keine Exemplare verfügbar.